22/ Calendrier de l'Avent / sur le calendrier de l'Avent - Statistiques

Statistiques générales
  • Ce quiz a été pris 4 fois
  • Le résultat moyen est 14 sur 24
Statistiques - réponses
Question Réponse % Correct
Le dernier jour du calendrier de l'Avent est le 25 décembre FAUX
100%
Autrefois, en Allemagne, les familles protestantes offraient une image pieuse à leurs enfants chaque jour de l'Avent, de là serait né le calendrier de l'Avent VRAI
100%
Les premiers calendriers de l'Avent ouvraient souvent sur des phrases de l'Evangile VRAI
100%
Le mot Avent vient du latin adventus qui signifie "arrivée" VRAI
100%
C'est un éditeur allemand de Munich qui a commercialisé le premier calendrier de l'Avent VRAI
100%
Aujourd'hui, il existe des calendriers de l'Avent pour adulte VRAI
100%
En espagnol, calendrier de l'Avent se dit calendario por avente FAUX
67%
En italien, calendrier de l'Avent se dit calendario adventi FAUX
67%
En Allemagne, les églises se transforment en calendrier de l'Avent géant FAUX
67%
La commercialisation du calendrier de l'Avent a pris son essor dans les années 1930 FAUX
67%
Avant le calendrier de l'Avent, il existait des images pieuses avec un système de volets découvrant une autre image VRAI
67%
Pendant le IIIe Reich en Allemagne, le calendrier de l'Avent est détourné par le régime pour faire passer ses idées VRAI
67%
En anglais, calendrier de l'Avent se dit advent calendar VRAI
67%
Aujourd'hui certaines marques de jouet éditent un calendrier de l'Avent différent chaque année VRAI
67%
Un calendrier de l'Avent peut avoir de 20 à 30 cases FAUX
33%
A l'origine le calendrier de l'Avent doit apprendre l'histoire de Noël aux enfants FAUX
33%
Les premiers calendriers de l'Avent s'appelaient les calendriers du Petit Jésus FAUX
33%
Avant le calendrier de l'Avent, en 1898, a existé l'horloge de Noël pour enfants FAUX
33%
Le premier calendrier de l'Avent allemand, en 1908,était en carton. VRAI
33%
En allemand, calendrier de l'Avent se dit kalender voraus VRAI
33%
Le calendrier de l'Avent est une invention du XIXe siècle VRAI
33%
Il existe une photo du président Kennedy ouvrant un calendrier de l'Avent avec ses enfants FAUX
0%
Les premiers chocolats apparaissent dans les calendriers de l'Avant en 1968 FAUX
0%
Le calendrier de l'Avent est apparu en Allemagne FAUX
0%
Aucun quiz correspondant
Distribution des résultats
% des personnes avec chaque résultat
Percentile par nombre de réponses
Votre historique - résultats
Vous n’avez pas pris ce quiz